| 000 | 00680nam a22002175a 4500 | ||
|---|---|---|---|
| 003 | OSt | ||
| 005 | 20201124141840.0 | ||
| 008 | 110516s2004 ua|||||fr||| 00| j ara d | ||
| 020 | _a9770811785 | ||
| 040 |
_aEG-ScBUE _bara _cEG-ScBUE |
||
| 082 | 0 | 4 |
_a892.746 _bم ح م _222 |
| 100 | 1 |
_aمحمود، مصطفى _914859 |
|
| 245 | 1 | 0 |
_aالأحلام / _cمصطفى محمود |
| 260 |
_aالقاهرة : _bدار أخبار اليوم، _c[2004] |
||
| 300 |
_a166 ص ؛ _c19 سم |
||
| 490 | _aالأعمال الكاملة للدكتور مصطفى محمود | ||
| 590 | _adoaa mohamed | ||
| 651 | _2BUEsh | ||
| 653 |
_bARALIT _cAugust2015 |
||
| 942 |
_2ddc _k892.746 م ح م _cBB |
||
| 999 |
_c15289 _d15289 |
||